Datum a čas kvízu
32
Celkem bodů
Celkový počet nahraných bodů na tomto kvízu bez doplňovacích otázek.
7.
Pořadí na kvízu
Konečné umístění týmu na tomto kvízu.
Zaznamenané odpovědi
| # | Otázka | Odpověď | Body | Výsledky |
|---|---|---|---|---|
| 1. | Jak se nazývá uhelná elektrárn... | Chvaletice | 0 | |
| 2. | Evropský parlament si ve střed... | David-Maria Sassoli | 0 | |
| 3. | Ke které události uplynulého t... | k Mezinárodnímu filmovému festivalu Karlovy Vary | 1 | |
| 4. | Středa byla černým dnem pro mn... | Jim Beam | 1 | |
| 5. | V Brazílii vyvrcholilo minulý... | Brazílie - Peru, 3 : 1 | 0 | |
| 6. | V tomto tématu se vydáme autem... | Palác kultury a vědy/Pałac Kultury i Nauki | 1 | |
| 7. | Druhý den se vydáme do Vilnius... | Adam Mickiewicz | 1 | |
| 8. | Z Vilniusu pokračujeme do přím... | Kaliningradská oblast | 1 | |
| 9. | Z Klajpedy se přesuneme do Rig... | secese | 1 | |
| 10. | Poslední den se z Rigy vydáme... | salmiak | 0 |